Fr. Conceicao Rodrigues College of Engineering

Press tools:Design and construction (Record no. 33825)

MARC details
000 -LEADER
fixed length control field 00364nam a2200169Ia 4500
082 ## - DEWEY DECIMAL CLASSIFICATION NUMBER
Classification number 617.33
Item number JOS
100 ## - MAIN ENTRY--PERSONAL NAME
Personal name Joshi/P.H
245 ## - TITLE STATEMENT
Title Press tools:Design and construction
260 ## - PUBLICATION, DISTRIBUTION, ETC.
Name of publisher, distributor, etc. S.Chand & C0
Date of publication, distribution, etc. 2016
366 ## - TRADE AVAILABILITY INFORMATION
Publishers's discount category 20
300 ## - PHYSICAL DESCRIPTION
Extent 400
546 ## - LANGUAGE NOTE
Language note ENGLISH
-- Info.Tech
650 ## - SUBJECT ADDED ENTRY--TOPICAL TERM
Topical term or geographic name entry element Press tools
654 ## - SUBJECT ADDED ENTRY--FACETED TOPICAL TERMS
Focus term press tools
942 ## - ADDED ENTRY ELEMENTS (KOHA)
Koha item type BOOK
Holdings
Withdrawn status Lost status Damaged status Not for loan Collection Home library Current library Date acquired Source of acquisition Cost, normal purchase price Inventory number Total Checkouts Full call number Barcode Date last seen Cost, replacement price Price effective from Koha item type
        CRC Fr. Agnel's C.Rodrigues College of Engineering AGNEL TECHNICAL COLLEGE LIBRARY 17/03/2023 Allied Publishers 276.00 960 dt 30.1.2017   617.33 JOS 24545 09/08/2024 345.00   BOOK
        CRC Fr. Agnel's C.Rodrigues College of Engineering Fr. Agnel's C.Rodrigues College of Engineering 17/03/2023 Allied Publishers 276.00 960 dt 30.1.2017   617.33 JOS 24544 17/03/2023 345.00   BOOK
        CRC Fr. Agnel's C.Rodrigues College of Engineering Fr. Agnel's C.Rodrigues College of Engineering 17/03/2023 Allied Publishers 276.00 960 dt 30.1.2017   617.33 JOS 24546 17/03/2023 345.00   BOOK
        CRC Fr. Agnel's C.Rodrigues College of Engineering Fr. Agnel's C.Rodrigues College of Engineering 17/03/2023 Allied Publishers 276.00 960 dt 30.1.2017   617.33 JOS 24547 17/03/2023 345.00   BOOK
        CRC Fr. Agnel's C.Rodrigues College of Engineering Fr. Agnel's C.Rodrigues College of Engineering 17/03/2023 Allied Publishers 276.00 960 dt 30.1.2017   617.33 JOS 24548 17/03/2023 345.00   BOOK